El incumplimiento de las sentencias y la responsabilidad del estado (Registro nro. 1665)

Detalles MARC
000 -LEADER
fixed length control field 01613 a2200241 4500
001 - CONTROL NUMBER
control field 28179
005 - DATE AND TIME OF LATEST TRANSACTION
control field 20260407155554.0
008 - FIXED-LENGTH DATA ELEMENTS--GENERAL INFORMATION
fixed length control field 260407a1991 arg spa d
003 - CONTROL NUMBER IDENTIFIER
control field AR-UNSa-BCEJYS
040 ## - CATALOGING SOURCE
Original cataloging agency AR-UNSa-BCEJYS
Language of cataloging spa
Transcribing agency AR-UNSa-BCEJYS
080 ## - UNIVERSAL DECIMAL CLASSIFICATION NUMBER
Universal Decimal Classification number 342
Common auxiliary subdivision Derecho constitucional (Derecho Público)
020 ## - INTERNATIONAL STANDARD BOOK NUMBER
International Standard Book Number 950-9606-36-7
100 1# - MAIN ENTRY--PERSONAL NAME
Personal name Fairstein, Juan Carlos
245 10 - TITLE STATEMENT
Title El incumplimiento de las sentencias y la responsabilidad del estado
Name of part/section of a work Ley 23.982
264 #1 - PRODUCTION, PUBLICATION, DISTRIBUTION, MANUFACTURE, AND COPYRIGHT NOTICE
Place of production, publication, distribution, manufacture Buenos Aires :
Name of producer, publisher, distributor, manufacturer AD-HOC
Date of production, publication, distribution, manufacture, or copyright notice 1991
300 ## - PHYSICAL DESCRIPTION
Extent 102 p.
Dimensions 20 cm.
505 ## - FORMATTED CONTENTS NOTE
Formatted contents note 1. Introducción - 2. El decreto que promulga y tiene por Ley de la Nación el Proyecto de Ley registrado bajo el Nº 23.982 - 3. Doctrina y Jurisprudencia sobre la sanción parcial de leyes - 4. La inconstitucionalidad del acto promulgatorio de la Ley 23.982 - 5. Inconstitucionalidad de la normativa pretendidamente vigente - 6. El sistema empleado en la Ley excede los criterios de razonabilidad y proporcionalidad - 7. Ejercicio abusivo de derechos por parte del Estado - 8. La aplicación de la Ley implica vulnerar Derechos Humanos - 9. Protección de créditos de naturaleza alimentaria. Profesionales y Peritos - 10. Intervención de la Corte Internacional de Justicia de la Haya - 11. Posibilidad de articular la defensa de inconstitucionalidad.
590 ## - LOCAL NOTE (RLIN)
Local note niveau_biblio:m niveau_hierar:0
650 ## - SUBJECT ADDED ENTRY--TOPICAL TERM
Topical term or geographic name entry element Ley Nº 23.982
650 ## - SUBJECT ADDED ENTRY--TOPICAL TERM
Topical term or geographic name entry element ley nº 23 982
856 41 - ELECTRONIC LOCATION AND ACCESS
Uniform Resource Identifier <a href="https://biblioeco.unsa.edu.ar/pmb/images/libros/El Incumplimiento de las Sentencias y la Responsabilidad del Estado-l119966.jpg">https://biblioeco.unsa.edu.ar/pmb/images/libros/El Incumplimiento de las Sentencias y la Responsabilidad del Estado-l119966.jpg</a>
Link text Imagen de portada
Electronic format type image/jpeg
942 ## - ADDED ENTRY ELEMENTS (KOHA)
Koha item type
Existencias
Withdrawn status Lost status Damaged status Not for loan Home library Current library Shelving location Date acquired Total checkouts Full call number Barcode Date last seen Price effective from Koha item type
        Biblioteca Prof. Eusebio Cleto del Rey Biblioteca Prof. Eusebio Cleto del Rey   07/04/2026   342 F163 L119966 07/04/2026 07/04/2026 Libro
        Biblioteca Prof. Eusebio Cleto del Rey Biblioteca Prof. Eusebio Cleto del Rey   07/04/2026   342 F163 L58888 07/04/2026 07/04/2026 Libro